Фоновая золотоносность гранитоидных интрузий палеозойских складчатых областей; Известия вузов. Геология и разведка; № 2

ग्रंथसूची विवरण
Parent link:Известия вузов. Геология и разведка.— , 1958-
№ 2.— 1995.— С. 90-99
मुख्य लेखक: Коробейников А. Ф. Александр Феопенович
भाषा:रूसी
प्रकाशित: 1995
विषय:
स्वरूप: MixedMaterials पुस्तक अध्याय
KOHA link:https://koha.lib.tpu.ru/cgi-bin/koha/opac-detail.pl?biblionumber=418823

MARC

LEADER 00000naa2a2200000 4500
001 418823
005 20231101073116.0
035 |a (RuTPU)RU\TPU\prd\76057 
090 |a 418823 
100 |a 20100205a1995 k y0rusy50 ca 
101 0 |a rus 
102 |a RU 
200 1 |a Фоновая золотоносность гранитоидных интрузий палеозойских складчатых областей  |f А. Ф. Коробейников 
320 |a Библиогр.: с. 99 (19 назв.) 
461 0 |0 (RuTPU)RU\TPU\prd\464  |t Известия вузов. Геология и разведка  |d 1958- 
463 0 |0 (RuTPU)RU\TPU\prd\75814  |t № 2  |v С. 90-99  |d 1995 
610 1 |a труды учёных ТПУ 
700 1 |a Коробейников  |b А. Ф.  |c российский геолог, доктор геолого-минералогических наук  |c профессор Томского политехнического университета  |f 1934-  |g Александр Феопенович  |2 stltpush  |3 (RuTPU)RU\TPU\pers\12688  |4 070 
801 1 |a RU  |b 63413507  |c 20100205 
801 2 |a RU  |b 63413507  |c 20180221  |g RCR 
942 |c BK